'G'-ography Quiz Stats

 Plays Quiz Updated Sep 27, 2018

Challenge
Share
Tweet
Embed
Score 0/34 Timer 10:00
2 Plays Today
Hint Answer % Correct
CountriesGeorgia
95.8%
CountriesGermany
94.2%
CountriesGuyana
75.4%
Territories & IslandsGreat Britain
74.6%
Territories & IslandsGreenland
73.7%
TermsGlacier
72.3%
More CountriesGhana
70.6%
TermsGlobe
70%
CountriesGuinea
69.7%
Territories & IslandsGalápagos Islands
66.7%
CountriesGreece
65.5%
More CitiesGreen Bay
64.7%
CitiesGiza
62.1%
More CitiesGreenwich
61.7%
Territories & IslandsGuam
57.4%
More CitiesGlasgow
56.5%
Bodies of WaterGanges (Ganga) River
56.2%
Hint Answer % Correct
More Countries(The) Gambia
54.8%
Territories & IslandsGaza Strip
51.6%
More CountriesGabon
51.1%
Territories & IslandsGibraltar
47.7%
More CountriesGrenada
43.7%
TermsGulf
41.5%
Territories & IslandsGuernsey
31.7%
CitiesGuadalajara
30.8%
CapitalsGeorgetown
24.5%
CapitalsGuatemala City
23.3%
Bodies of WaterGreat Salt Lake
22.9%
More CitiesGlendale
20.6%
CapitalsGaborone
19.5%
More CountriesGold Coast
13.5%
CitiesGuayaquil
11.8%
TermsGazetteer
11.3%
CitiesGuangzhou
9.6%

You're not logged in!

Compare scores with friends on all Sporcle quizzes.
Join for Free
OR
Log In

You Might Also Like...

Show Comments

Extras

Top Quizzes Today


Score Distribution

Your Account Isn't Verified!

In order to create a playlist on Sporcle, you need to verify the email address you used during registration. Go to your Sporcle Settings to finish the process.

Report this User

Report this user for behavior that violates our Community Guidelines.

Details: